A history of the philosophy of law in the common law world, 1600-1900

Shranjeno v:
Bibliografske podrobnosti
Glavni avtor: Lobban, Michael (autor)
Format: Knjiga
Jezik:angleščina
Izdano: Dordrecht Springer 2007
Serija:A Treatise of Legal Philosophy and General Jurisprudence, 8
Teme:
Oznake: Označite
Brez oznak, prvi označite!

MARC

LEADER 00000nam a2200000 a 4500
001 UCG6666
003 CL-VaPUC
008 110509e20070000ne |||||||||||||||||eng|d
020 |a 9781402049507 
082 0 4 |a 340.1  |b LOB  |2 21 
100 |a Lobban, Michael  |e autor  |9 556995 
245 1 2 |a A history of the philosophy of law in the common law world, 1600-1900 
300 |a 267 p 
942 |c BK 
945 |d 20110509 00:00:00  |a jcampos 
260 |a Dordrecht  |b Springer  |c 2007 
650 0 |a Filosofía del derecho   |9 255050 
650 0 |a Historia del derecho  |9 255109 
650 7 |a SIGLOS 16-19  |2 CL-VaPUC  |9 378163 
583 |a last modification  |c 20171213 05:59:17  |k Rodrigo Vera 
490 0 |a A Treatise of Legal Philosophy and General Jurisprudence, 8 
999 |c 344818  |d 344816 
952 |0 0  |1 0  |4 0  |6 340_100000000000000_LOB_2007  |7 0  |8 DER_HIS  |9 443045  |a BIBDER  |b BIBDER  |d 2019-11-22  |i 4774965  |o 340.1 LOB 2007  |p 4774965  |r 2023-01-25  |w 2019-11-22  |x Ubicación 4to Piso  |y BK  |z Estos recursos deben solicitarse con anticipación  |k DER